Shame : (Record no. 3281)
[ view plain ]
| 000 -LEADER | |
|---|---|
| fixed length control field | 03078cam a2200349 i 4500 |
| 008 - FIXED-LENGTH DATA ELEMENTS--GENERAL INFORMATION | |
| fixed length control field | 230530t20232023njua e b 001 0 eng d |
| 020 ## - INTERNATIONAL STANDARD BOOK NUMBER | |
| ISBN | 9780691183756 |
| 020 ## - INTERNATIONAL STANDARD BOOK NUMBER | |
| ISBN | 0691183759 |
| 100 1# - MAIN ENTRY--AUTHOR | |
| Author | Keen, David, |
| 245 10 - TITLE STATEMENT | |
| Title | Shame : |
| Remainder of title | the politics and power of an emotion / |
| Statement of responsibility, etc | David Keen. |
| 260 ## - PUBLICATION, DISTRIBUTION, ETC. (IMPRINT) | |
| Place of publication | New Jersey |
| Name of publisher | Princeton university press |
| Date of publication | 2023 |
| 300 ## - COLLATION | |
| Pagination | vii, 348 pages : |
| Other physical details | illustrations ; |
| 520 ## - SUMMARY, ETC. | |
| Summary, etc | "Today, we are caught in a shame spiral--a vortex of mutual shaming that pervades everything from politics to social media. We are shamed for our looks, our culture, our ethnicity, our sexuality, our poverty, our wrongdoings, our politics. But what is the point of all this shaming and countershaming? Does it work? And if so, for whom? In Shame, David Keen explores the function of modern shaming, paying particular attention to how shame is instrumentalized and weaponized. Keen points out that there is usually someone who offers an escape from shame--and that many of those who make this offer have been piling on shame in the first place. Self-interested manipulations of shame, Keen argues, are central to understanding phenomena as wide-ranging as consumerism, violent crime, populist politics, and even war and genocide. Shame is political as well as personal. To break out of our current cycle of shame and shaming, and to understand the harm that shame can do, we must recognize the ways that shame is being made to serve political and economic purposes."-- |
| 520 ## - SUMMARY, ETC. | |
| Summary, etc | "In The Politics of Shame, Keen explores the functions of the modern epidemic of shaming. He shows how shame has routinely been weaponised during civil wars, and how the public and private shaming of women has, for centuries, been a major tool of patriarchal control. He examines how and why people are shamed into purchases they cannot afford by a society and economic system predicated on continuous consumption. And he considers how social media has contributed to a spiral of shame, in which those who have been shamed often react by shaming others. Crucially, he also considers the interplay between shame (as a positive and progressive emotion, indicating a desire to move towards collectivism) and shamelessness (as a negative and regressive emotion, indicating a preference for individualism), and whether shame works to improve or worsen behaviour. Keen's narrative is informed by an engaging combination of fieldwork, interviews, and analysis of the theoretical literature on shame across multiple disciplines"-- |
| 650 #0 - TRACINGS | |
| Main Subject | Shame |
| Subdivision (2nd) | Social aspects. |
| 650 #0 - TRACINGS | |
| Main Subject | Shame |
| Subdivision (2nd) | Political aspects. |
| 650 #0 - TRACINGS | |
| Main Subject | Shame. |
| 650 #0 - TRACINGS | |
| Main Subject | Emotions. |
| 650 #0 - TRACINGS | |
| Main Subject | Stigma (Social psychology) |
| 650 #6 - TRACINGS | |
| Main Subject | Honte. |
| 650 #6 - TRACINGS | |
| Main Subject | Stigmatisation (Psychologie sociale) |
| 650 #6 - TRACINGS | |
| Main Subject | Honte |
| Subdivision (2nd) | Aspect social. |
| 650 #6 - TRACINGS | |
| Main Subject | Honte |
| Subdivision (2nd) | Aspect politique. |
| 650 #7 - TRACINGS | |
| Main Subject | Emotions |
| 650 #7 - TRACINGS | |
| Main Subject | Shame |
| 650 #7 - TRACINGS | |
| Main Subject | Stigma (Social psychology) |
| 650 #7 - TRACINGS | |
| Main Subject | Honte. |
| 650 #7 - TRACINGS | |
| Main Subject | Stigmatisation (Psychologie sociale). |
| 942 ## - ADDED ENTRY ELEMENTS (KOHA) | |
| Item type | Books |
| 050 00 - LIBRARY OF CONGRESS CALL NUMBER | |
| Classification number | BF575.S45 |
| Item number | K446 2023 |
| 082 04 - DEWEY DECIMAL CLASSIFICATION NUMBER | |
| Classification number | 152.4/4 |
| Source of classification or shelving scheme | Not for loan | Permanent location | Current location | Date acquired | Accession No. | Full call number | Barcode. | Koha item type |
|---|---|---|---|---|---|---|---|---|
| Library of Congress Classification | Samuel Ogbemudia Main Library, University of Abuja | Samuel Ogbemudia Main Library, University of Abuja | 05/05/2025 | 2024/63915 | BF575.S45 | 2025-1736 | Books |